000 00582nam a2200217Ia 4500
003 OSt
005 20220928140718.0
006 a|||||r|||| 00| 0
007 ta
008 220927b |||||||| |||| 00| 0 eng d
024 _a11267
037 _cTextual
040 _aSDCL
_cSDCL
_beng
041 _2eng
_aeng
082 _aX:77.41'N7<-N4, M4
100 _aMurthy Shantha M C
_9497195
245 0 _aEconomic development of modern China (1949-1979)
260 _c1981
942 _hX:77.41'N7<-N4, M4
_cTEXL
_2CC
999 _c813711
_d813711